000 00311nam a2200109Ia 4500
008 200302s9999 xx 000 0 und d
100 _aErnest Burden
245 _aArchitectural Delineation A Photographic Approach to Presentation 2nd ed.
260 _bMcgraw-Hill Book Company
260 _c1982
300 _a280 P.,
999 _c725
_d725